Biblioteca

Racism (Registro nro. 64071)

Detalles MARC
000 -LÍDER
Campo fijo de descripción fija 01528nab a2200265 4500
001 - NÚMERO DE CONTROL
Campo de control 768714001
003 - IDENTIFICADOR DEL NÚMERO DE CONTROL
Campo de control CO-MdFUSB
005 - FECHA Y HORA DE LA ULTIMA TRANSACCIÓN
control field 20240313151428.0
008 - ELEMENTOS DE LONGITUD FIJA -- INFORMACIÓN GENERAL
Campo fijo de descripción fija -- Información general 171010s2016 xxu||||| |||| 00| 0 eng d
022 ## - NÚMERO INTERNACIONAL NORMALIZADO PARA PUBLICACIONES SERIADAS
Número Internacional Normalizado para Publicaciones Seriadas 1669-8649
040 ## - FUENTE DE CATALOGACIÓN
Agencia Catalogadora CO-MdFUSB
Idioma de catalogación spa
Agencia que realiza la transcripción CO-MdFUSB
Agencia que realiza la modificación CO-MdFUSB
041 ## - CÓDIGO DE IDIOMA
Código de idioma para texto/pista de sonido o título separado eng
100 ## - ASIENTO PRINCIPAL--NOMBRE PERSONAL
Nombre personal Barreto, Raimundo
Término relacionador autor
242 ## - TRADUCCIÓN DEL TÍTULO POR AGENCIA CATALOGADORA
Traducción del título Racismo
245 ## - TÍTULO
Título Racism
Mención de responsabilidad / Raimundo Barreto
300 ## - DESCRIPCIÓN FÍSICA
Extensión Volumen 11, número 1 (2016), páginas: 103-105
Dimensiones : 20 cm.
520 1# - NOTA DE RESUMEN, ETC.
Nota de sumario, etc. El Racismo es como una enfermedad, que afecta a personas y a naciones. Tiene una connotación negativa en la sociedad debido a que promueve el desprecio y el odio hacia personas que también son de carne y hueso como lo son todos los seres humanos. El autor en este artículo comenta como surgió el racismo y también expresa que dice la biblia respecto a este tema haciendo un breve análisis y llevando al texto bíblico dicho conflicto racial.
546 ## - NOTA DE IDIOMA
Nota de idioma Texto en inglés
650 #0 - ASIENTO SECUNDARIO DE MATERIA - TERMINO TEMÁTICO
9 (RLIN) 946
Término temático o nombre geográfico como elemento de entrada Problemas sociales
773 ## - ASIENTO DE ITEM FUENTE
Biblionumber 49416
Itemnumber 76183
Parte(s) relacionada(s) / Volumen., número. (mes año), páginas Volumen 11, número 1 (2016), páginas: 103-105
Enumeración y primera página Página 103
Título Journal of Latin American Theology
773 ## - ASIENTO DE ITEM FUENTE
Biblionumber 49416
Itemnumber 82396
Parte(s) relacionada(s) / Volumen., número. (mes año), páginas Volumen 11, número 1 (2016), páginas: 103-105
Enumeración y primera página Página 103
Título Journal of Latin American Theology
773 ## - ASIENTO DE ITEM FUENTE
Biblionumber 49416
Itemnumber 82481
Parte(s) relacionada(s) / Volumen., número. (mes año), páginas Volumen 11, número 1 (2016), páginas: 103-105
Enumeración y primera página Página 103
Título Journal of Latin American Theology
773 ## - ASIENTO DE ITEM FUENTE
Biblionumber 49416
Itemnumber 82482
Parte(s) relacionada(s) / Volumen., número. (mes año), páginas Volumen 11, número 1 (2016), páginas: 103-105
Enumeración y primera página Página 103
Título Journal of Latin American Theology
942 ## - TIPO DE MATERIAL (KOHA)
Tipo de Item KOHA Artículos de Revista

No hay ítems disponibles.

Biblioteca FUSBC | Teléfono: (57+4) 349 88 10 Ext. 141| WhatsApp (+57) 3005338115 
E-mail: biblioteca@unisbc.edu.co | Calle 76 87-14 Robledo Palenque, Medellín, Colombia

Con tecnología Koha